Xtraordinary People / (Record no. 204137)
[ view plain ]
| 000 -LEADER | |
|---|---|
| fixed length control field | 01744nam a2200313 i 4500 |
| 003 - CONTROL NUMBER IDENTIFIER | |
| control field | OSt |
| 005 - DATE AND TIME OF LATEST TRANSACTION | |
| control field | 20260510162220.0 |
| 008 - FIXED-LENGTH DATA ELEMENTS--GENERAL INFORMATION | |
| fixed length control field | 260510s2025 enka jrb 000 0 eng d |
| 020 ## - INTERNATIONAL STANDARD BOOK NUMBER | |
| International Standard Book Number | 9780241705124 |
| Terms of availability | RM 58.50 |
| Qualifying information | paperback |
| 040 ## - CATALOGING SOURCE | |
| Original cataloging agency | PPAK |
| Language of cataloging | eng |
| Transcribing agency | PPAK |
| Description conventions | rda |
| 082 04 - DEWEY DECIMAL CLASSIFICATION NUMBER | |
| Edition number | 23 |
| Classification number | 616.8553 |
| 090 00 - LOCALLY ASSIGNED LC-TYPE CALL NUMBER (OCLC); LOCAL CALL NUMBER (RLIN) | |
| Classification number (OCLC) (R) ; Classification number, CALL (RLIN) (NR) | 616.8553 |
| Feature heading | GRI |
| Feature heading | K |
| 100 1# - MAIN ENTRY--PERSONAL NAME | |
| Personal name | Griggs, Kate, |
| Relator term | author. |
| 245 10 - TITLE STATEMENT | |
| Title | Xtraordinary People / |
| Statement of responsibility, etc. | Written by Kate Griggs ; Illustrated by Steven Woods. |
| 264 #1 - PRODUCTION, PUBLICATION, DISTRIBUTION, MANUFACTURE, AND COPYRIGHT NOTICE | |
| Place of production, publication, distribution, manufacture | London : |
| Name of producer, publisher, distributor, manufacturer | Dorling Kindersley Limited, |
| Date of production, publication, distribution, manufacture, or copyright notice | 2025 |
| 300 ## - PHYSICAL DESCRIPTION | |
| Extent | 32 unnumbered pages : |
| Other physical details | colour illustrations ; |
| Dimensions | 24 cm |
| 336 ## - CONTENT TYPE | |
| Content type term | text |
| Source | rdacontent |
| 337 ## - MEDIA TYPE | |
| Media type term | unmediated |
| Source | rdamedia |
| 338 ## - CARRIER TYPE | |
| Carrier type term | volume |
| Source | rdacarrier |
| 500 ## - GENERAL NOTE | |
| General note | "Unlock your extraordinary dyslexic thinking skills" -- Cover. |
| 520 ## - SUMMARY, ETC. | |
| Summary, etc. | Dyslexic children have a diagnosis that tells them they're different, and this book is a comforting reminder that their differences are to be embraced, and their dreams are no less attainable than their peers. Xtraordinary People highlights for children how their differences can help them go wherever they want to in life, with quotes from famous names with dyslexia, such as Kiera Knightley, Princess Beatrice, and Richard Branson. This book is crafted with love and science, and helps dyslexic children feel seen. Crucially, it shifts the narrative on dyslexia, and educates people on its strengths. It's a needed hug for dyslexic children everywhere. |
| 521 1# - TARGET AUDIENCE NOTE | |
| Target audience note | Ages 5-7. |
| 650 10 - SUBJECT ADDED ENTRY--TOPICAL TERM | |
| Topical term or geographic name entry element | Dyslexia |
| Form subdivision | Juvenile literature |
| Topical term or geographic name entry element | Dyslexia |
| General subdivision | Social aspects |
| Form subdivision | Juvenile literature |
| Topical term or geographic name entry element | Dyslexics |
| General subdivision | Employment |
| Form subdivision | Juvenile literature |
| 655 #7 - INDEX TERM--GENRE/FORM | |
| Genre/form data or focus term | Picture books. |
| 700 1# - ADDED ENTRY--PERSONAL NAME | |
| Personal name | Woods, Steven, |
| Relator term | illustrator. |
| 942 ## - ADDED ENTRY ELEMENTS (KOHA) | |
| Source of classification or shelving scheme | Dewey Decimal Classification |
| Koha item type | Book |
| Withdrawn | Not for loan | Current library | Shelving location | Date acquired | Total Checkouts | Full call number | Barcode | Date last seen | Koha item type |
|---|---|---|---|---|---|---|---|---|---|
| Perpustakaan Alor Setar | Pinjaman Kanak-kanak | 12/05/2026 | K 616.8553 GRI | A01916422 | 12/05/2026 | Book |